000 00358nam a2200157Ia 4500
003 0STCL
008 150530s9999 xx 000 0 und d
040 _aSTCL
_cSTCL
100 _aJepson, R.W.; Ed
245 _aShort stories old and new
260 _bLongmans
_c1935
546 _aEnglish
942 _2ddc
_cBK
999 _c45617
_d45617
005 20220125170653.0